=LDR 00000nam 2200000 4500 =001 INLIS000000000038412 =005 20200604080128 =035 ##$$a 0010-061300000038412 =008 200604################g##########0#ind## =041 ##$$a Ind =082 ##$$a 2x4.12 =090 ##$$a 2x4.12 Ans s =100 ##$$a Ansori, Chairul M.A =245 1#$$a Shalat menurut sunnah Rasul. /$c Choirul Ansori, M.A =260 ##$$a Jakarta :$b Pustaka Asy'ari,$c 2011 =300 ##$$a 79 hlm. ; $c 24 x 17 cm. =650 #4$$a Shalat =850 ##$$a NBPNMAT =020 ##$$a 978-602-98666-9-8 =084 ##$$a 2x4.12 ANS s =250 ##$$a cet. 1 =990 ##$$a 21105096 =990 ##$$a 21105099 =990 ##$$a 21105096 =990 ##$$a 21105099